000 00563nam a2200193Ia 4500
005 20250326142020.0
008 250326s9999 xx 000 0 und d
020 _a81-7001-046-2
037 _aTextbook
040 _aFMSL
_beng
_cFMSL
041 _aeng
_2eng
084 _aX:9.44 M8
_qFMSL
100 _aThakur S P
_9745425
245 0 _aEnterpreneurial strategy and labour: study in the Indian textice Industry
_cThakur S P
260 _aDelhi
_bDelhi, Chanakya
_c1988
300 _a143p
942 _cTB
_hX:9.44 M8
999 _c1293050
_d1293050